| 000 | 00394nam a22001337a 4500 | ||
|---|---|---|---|
| 020 | _a9789695030097 | ||
| 040 | _cNUST | ||
| 082 | _a297.266 KHA | ||
| 100 |
_aKhalid Ghaznavi, Dr. _989519 |
||
| 245 |
_aElaj-e-Nabvi aur Jadeed Science; _bPait ki bimaryan |
||
| 260 |
_aLAHORE: _bAl Faisal Nashran _c2017. |
||
| 650 |
_aElaj-e-Nabvi aur Jadeed Science-Pait ki bimaryan _989520 |
||
| 942 |
_2ddc _cBK |
||
| 999 |
_c587762 _d587762 |
||